| 000 | 00646cam a22002051 4500 | ||
|---|---|---|---|
| 001 | ne 62001728 | ||
| 003 | DLC | ||
| 005 | 20260227111738.0 | ||
| 008 | 890814s1961 xx 000 0 ara | ||
| 010 | _ane 62001728 | ||
| 035 | _a(OCoLC)23522527 | ||
| 040 |
_aDLC _cMiU _dDLC |
||
| 050 | 0 | 0 |
_aPF3129.A7 _bA4 |
| 100 | 1 | _aʻAjjūr, ʻAbd al-ʻAzīz. | |
| 245 | 1 | 3 |
_aal-Murshid fi al-lughah al-Almānīyah. _bDer deutsche Sprachfürer, verfasst von Abd Elaziz Aggour und Salah el Fatatry. |
| 260 | _c1961 | ||
| 300 |
_a144 p. _c19 cm. |
||
| 650 | 0 |
_aGerman language _xTextbooks for foreign speakers _xArabic. |
|
| 700 | 1 | _aFaṭāṭiri, Ṣalāh. | |
| 999 |
_c45356 _d45356 |
||